| 000 | | | 06743cac2a2200000 x 450 |
| 001 | | | 4f1e3567-6699-45e9-a161-a36a3ab70d25 |
| 005 | | | 20160517112054.0 |
| 100 | ## | $a | 20160215l18861886k l0rusy0189 ca |
| 101 | 0# | $a | rus |
| | $a | grc |
| 102 | ## | $a | RU |
| 200 | 1# | $a | Древнеславянский Карпинский Апостол XIII века с греческим текстом 1072 года, сличенный по древним памятникам славянским XI-XVII веков с разночтениями греческими, заимствованными из Нового Завета, издания Рейнекция 1747 года. Т. 1, ч. 1. Деяния апостольские |
| | $e | c изображением святого евангелиста Луки из греческого Нового Завета XII-XIII в. Синодальной библиотеки |
| | $f | труд архимандрита Амфилохия |
| 251 | ## | $c | Дело |
| 801 | #0 | $a | RU |
| | $b | РГИА |
| | $c | 20160215 |
| | $g | RCR |
| 801 | #1 | $a | RU |
| | $b | ГлавНИВЦ |
| | $c | 20160215 |
| | $2 | rusmarc |
| 801 | #2 | $a | RU |
| | $b | ПБ им. Б.Н. Ельцина |
| | $c | 20160328 |
| | $g | RCR |
| | $2 | rusmarc |
| 850 | ## | $a | РГИА |
| 852 | ## | $a | РГИА |
| | $e | Федеральное казенное учреждение "Российский государственный исторический архив" (РГИА) |
| | $j | 3756 |
| 937 | ## | $h | РГИА |
| | $d | 12201301 |
| | $a | ASBIBLIO_SCAN |
| 215 | ## | $a | 791 с. |
| | $d | 25х16,5 см |
| | $c | ил. |
| 105 | ## | $a | а### |
| 122 | 2# | $a | d |
| 300 | ## | $a | Текст на русском и древнегреческом языках |
| 210 | 1# | $a | Москва |
| | $c | Типография Л. Ф. Снегирева |
| | $d | 1886 |
| 461 | #0 | $1 | 0012640edd5-2044-417d-b282-4ec02c959e00 |
| | $1 | 2001 |
| | $a | Дублетный фонд НСБ |
| | $1 | 251 |
| | $c | Фонд |
| | $1 | 852 |
| | $j | 0 |
| 462 | #0 | $1 | 00101f3c915-c163-4bd9-8823-fd1c871481a4 |
| | $1 | 2001 |
| | $a | Дублетный фонд Библиотеки |
| | $v | Д. 3756 |
| | $1 | 251 |
| | $c | Опись |
| | $1 | 852 |
| | $j | 1 |
| | $l | Д |
| 035 | ## | $a | 4f1e3567-6699-45e9-a161-a36a3ab70d25 |
| 605 | ## | $2 | acquisition_Prlib |
| | $3 | DITM\AF\0000003834 |
| | $a | Народ |
| | $l | коллекция |
| 605 | ## | $2 | acquisition_Prlib |
| | $3 | DITM\AF\0000003865 |
| | $a | Русский язык |
| | $l | коллекция |
| 605 | ## | $2 | acquisition_prlib |
| | $3 | LIBNET\UAF\0000061920 |
| | $a | Синод в истории российской государственности |
| | $l | коллекция |
| 605 | ## | $2 | nlr_sh |
| | $3 | RU\NLR\AUTH\661254384 |
| | $a | Библия |
| | $i | Новый Завет |
| | $i | Деяния Апостолов |
| 606 | 1# | $2 | nlr_sh |
| | $3 | RU\NLR\AUTH\66333114 |
| | $a | Греческий язык |
| | $x | Памятники письменности |
| 606 | 1# | $2 | nlr_sh |
| | $3 | RU\NLR\AUTH\661128240 |
| | $a | Старославянский язык |
| | $x | Памятники письменности |
| 686 | ## | $2 | rubbk |
| | $a | 81.451-03 |
| | $v | LBC/M |
| 686 | ## | $2 | rubbk |
| | $a | 81.416.1-03 |
| | $v | LBC/M |
| 686 | ## | $2 | rubbk |
| | $a | 86.37-22,041.2 |
| | $v | LBC/M |
| 701 | #0 | $3 | RU\NLR\AUTH\7749836 |
| | $4 | 070 |
| | $a | Амфилохий |
| | $c | Сергиевский-Казанский, Павел Иванович |
| | $c | епископ Углицкий |
| | $f | 1818-1893 |
| 517 | 1# | $a | Деяния апостольские |
| 517 | 1# | $a | Древлеславянский Карпинский Апостол XIII века с греческим текстом 1072 года, сличенный по древним памятникам славянским XI-XVII веков с разночтениями греческими, заимствованными из Нового Завета, издания Рейнекция 1747 года |
| 856 | 4# | $u | http://www.prlib.ru/Lib/pages/item.aspx?itemid=138249 |